Pays et Capitales aléatoires - Statistiques

Statistiques générales
  • Ce quiz a été pris 19 972 fois
    2 066 depuis la dernière actualisation
  • Le résultat moyen est 14 sur 20
Statistiques - réponses
Pays/Capitale Réponse % Correct
Émirats Arabes Unis Abou Dabi
100%
Berlin Allemagne
100%
Pays-Bas Amsterdam
100%
Grèce Athènes
100%
Bruxelles Belgique
100%
Allemagne Berlin
100%
Suisse Berne
100%
Colombie Bogotá
100%
Brésil Brasilia
100%
Brasilia Brésil
100%
Belgique Bruxelles
100%
Hongrie Budapest
100%
Ottawa Canada
100%
Pékin Chine
100%
Danemark Copenhague
100%
La Havane Cuba
100%
Syrie Damas
100%
Copenhague Danemark
100%
Le Caire Égypte
100%
Madrid Espagne
100%
Washington États-Unis
100%
Athènes Grèce
100%
New Delhi Inde
100%
Jakarta Indonésie
100%
Dublin Irlande
100%
Reykjavík Islande
100%
Rome Italie
100%
Égypte Le Caire
100%
Pérou Lima
100%
Royaume-Uni Londres
100%
Luxembourg Luxembourg
100%
Antananarivo Madagascar
100%
Espagne Madrid
100%
Rabat Maroc
100%
Mexique Mexico
100%
Mexico Mexique
100%
Oslo Norvège
100%
Panama Panama
100%
Panama Panama
100%
Amsterdam Pays-Bas
100%
Chine Pékin
100%
Manille Philippines
100%
Lisbonne Portugal
100%
Maroc Rabat
100%
Islande Reykjavik
100%
Italie Rome
100%
Bucarest Roumanie
100%
Yémen Sanaa
100%
Suède Stockholm
100%
Japon Tokyo
100%
Tunis Tunisie
100%
Kiev Ukraine
100%
Vatican Vatican
100%
Autriche Vienne
100%
Dakar Sénégal
96%
Inde New Delhi
95%
Afrique du Sud Pretoria/Le Cap/Bloemfontein
95%
Prague République Tchèque
95%
États-Unis Washington
95%
Turquie Ankara
94%
Buenos Aires Argentine
94%
Australie Canberra
94%
Viêt Nam Hanoï
94%
Finlande Helsinki
94%
Budapest Hongrie
94%
Monaco Monaco
94%
Chypre Nicosie
94%
Norvège Oslo
94%
Lima Pérou
94%
Bulgarie Sofia
94%
Pologne Varsovie
94%
Vatican Vatican
94%
Alger Algérie
93%
Andorre-la-Vieille Andorre
93%
Canberra Australie
93%
Vienne Autriche
93%
Sofia Bulgarie
93%
Sénégal Dakar
93%
Irlande Dublin
93%
La Valette Malte
93%
Kenya Nairobi
93%
Londres Royaume-Uni
93%
Saint-Marin Saint-Marin
93%
Albanie Tirana
93%
Ankara Turquie
93%
Nouvelle-Zélande Wellington
93%
Thaïlande Bangkok
92%
Roumanie Bucarest
92%
Nicosie Chypre
92%
Pyongyang Corée du Nord
92%
Séoul Corée du Sud
92%
Paris France
92%
Bissau Guinée-Bissau
92%
Luxembourg Luxembourg
92%
Philippines Manille
92%
Chișinău Moldavie
92%
Singapour Singapour
92%
Andorre Andorre-la-Vieille
91%
Irak Bagdad
91%
Nassau Bahamas
91%
Zagreb Croatie
91%
Tokyo Japon
91%
Vilnius Lituanie
91%
Canada Ottawa
91%
France Paris
91%
République Tchèque Prague
91%
Kinshasa République Démocratique du Congo
91%
Corée du Sud Séoul
91%
Bratislava Slovaquie
91%
Venezuela Caracas
90%
Indonésie Jakarta
90%
Portugal Lisbonne
90%
Monaco Monaco
90%
Iran Téhéran
90%
Algérie Alger
89%
Minsk Biélorussie
89%
Russie Moscou
89%
Ljubljana Slovénie
89%
Tunisie Tunis
89%
Tirana Albanie
88%
Tbilissi Géorgie
88%
Jérusalem Israël
88%
Brazzaville République du Congo
88%
Belgrade Serbie
88%
Sri Jayawardenapura Kotte Sri Lanka
88%
Stockholm Suède
88%
Damas Syrie
88%
Santiago Chili
87%
Kigali Rwanda
87%
Lituanie Vilnius
87%
La Paz/Sucre Bolivie
86%
République du Congo Brazzaville
86%
Bogotá Colombie
86%
Quito Équateur
86%
Uruguay Montevideo
86%
Islamabad Pakistan
86%
Lomé Togo
86%
San José Costa Rica
85%
Guatemala Guatemala
85%
Moscou Russie
85%
Chili Santiago
85%
Sarajevo Bosnie-Herzégovine
83%
Kingston Jamaïque
83%
Afghanistan Kaboul
83%
Koweït Koweït
83%
Oulan-Bator Mongolie
83%
Saint-Marin Saint-Marin
83%
Salvador San Salvador
83%
Kaboul Afghanistan
82%
Jamaïque Kingston
82%
Pristina Kosovo
82%
Vaduz Liechtenstein
82%
Haïti Port-au-Prince
82%
Costa Rica San José
82%
Paramaribo Suriname
82%
Taipei Taïwan
82%
Libye Tripoli
82%
Doha Qatar
81%
Pretoria/Le Cap/Bloemfontein Afrique du Sud
80%
Yaoundé Cameroun
80%
Yamoussoukro Côte d'Ivoire
80%
Djibouti Djibouti
80%
Malaisie Kuala Lumpur
80%
Beyrouth Liban
80%
Kuala Lumpur Malaisie
80%
Biélorussie Minsk
80%
Katmandou Népal
80%
Corée du Nord Pyongyang
80%
Caracas Venezuela
80%
Croatie Zagreb
80%
Argentine Buenos Aires
79%
Helsinki Finlande
79%
Ukraine Kiev
79%
Koweït Koweït
79%
Cuba La Havane
79%
Varsovie Pologne
79%
Berne Suisse
79%
Éthiopie Addis-Abeba
78%
Erevan Arménie
78%
Serbie Belgrade
78%
Ciudad de la Paz Guinée Équatoriale
78%
Téhéran Iran
78%
Lettonie Riga
78%
Singapour Singapour
78%
Paraguay Asunción
77%
Nairobi Kenya
77%
Astana Kazakhstan
76%
Bakou Azerbaïdjan
75%
Qatar Doha
75%
Addis-Abeba Éthiopie
75%
République Démocratique du Congo Kinshasa
75%
Riga Lettonie
75%
Slovénie Ljubljana
75%
Mauritanie Nouakchott
75%
Équateur Quito
75%
Estonie Tallinn
75%
Bangkok Thaïlande
75%
Côte d'Ivoire Yamoussoukro
75%
Riyad Arabie Saoudite
73%
Slovaquie Bratislava
73%
Tallinn Estonie
73%
Port Moresby Papouasie-Nouvelle-Guinée
73%
São Tomé São Tomé-et-Principe
73%
Liechtenstein Vaduz
73%
Hanoï Viêt Nam
73%
Djibouti Djibouti
72%
Guatemala Guatemala
72%
Abou Dabi Émirats Arabes Unis
71%
Bamako Mali
71%
Comores Moroni
71%
Burkina Faso Ouagadougou
71%
Arabie Saoudite Riyad
71%
São Tomé-et-Principe São Tomé
71%
Taïwan Taipei
71%
Harare Zimbabwe
71%
Mali Bamako
70%
Gambie Banjul
70%
Georgetown Guyana
70%
Asunción Paraguay
70%
Bangui République Centrafricaine
70%
Saint-Domingue République Dominicaine
70%
Liban Beyrouth
69%
Bagdad Irak
69%
Macédoine du Nord Skopje
69%
Montevideo Uruguay
69%
Jordanie Amman
68%
Vientiane Laos
68%
Port-Louis Maurice
68%
Managua Nicaragua
68%
Luanda Angola
67%
Moldavie Chișinău
67%
Bangladesh Dacca
67%
Conakry Guinée
67%
Port-au-Prince Haïti
67%
Pakistan Islamabad
67%
Malte La Valette
67%
Tripoli Libye
67%
Togo Lomé
67%
Mongolie Oulan-Bator
67%
Suriname Paramaribo
67%
Kosovo Pristina
67%
San Salvador Salvador
67%
Bosnie-Herzégovine Sarajevo
67%
Laos Vientiane
67%
Libreville Gabon
65%
Mascate Oman
65%
Trinité-et-Tobago Port-d'Espagne
65%
Funafuti Tuvalu
65%
République Centrafricaine Bangui
64%
Porto-Novo Bénin
64%
Phnom Penh Cambodge
64%
Guinée Conakry
64%
Tanzanie Dodoma
64%
Lilongwe Malawi
64%
Maldives Malé
64%
Birmanie Naypyidaw
64%
Abuja Nigeria
64%
Victoria Seychelles
64%
Madagascar Antananarivo
63%
Kirghizistan Bichkek
63%
Moroni Comores
63%
Bichkek Kirghizistan
63%
Gabon Libreville
63%
Niger Niamey
63%
Wellington Nouvelle-Zélande
63%
Maurice Port-Louis
63%
Achgabat Turkménistan
63%
Arménie Erevan
62%
Turkménistan Achgabat
60%
Guinée-Bissau Bissau
60%
Praia Cap-Vert
60%
Bolivie La Paz/Sucre
60%
Tachkent Ouzbékistan
60%
Monténégro Podgorica
60%
Tegucigalpa Honduras
59%
Windhoek Namibie
59%
Ouzbékistan Tachkent
59%
Kazakhstan Astana
58%
Suva Fidji
58%
Amman Jordanie
58%
Zambie Lusaka
58%
Géorgie Tbilissi
58%
Accra Ghana
57%
Israël Jérusalem
57%
Monrovia Liberia
57%
Cambodge Phnom Penh
57%
Dili Timor Oriental
57%
Sanaa Yémen
57%
Manama Bahreïn
56%
Dacca Bangladesh
56%
Mozambique Maputo
56%
Tchad N’Djamena
56%
Dominique Roseau
56%
Mogadiscio Somalie
56%
Seychelles Victoria
56%
Thimphou Bhoutan
55%
Nouakchott Mauritanie
55%
Podgorica Monténégro
55%
Cap-Vert Praia
55%
Djouba Soudan du Sud
55%
Honduras Tegucigalpa
55%
Belize Belmopan
54%
Barbade Bridgetown
54%
Sainte-Lucie Castries
54%
Honiara Îles Salomon
54%
Malé Maldives
54%
Oman Mascate
54%
République Dominicaine Saint-Domingue
54%
Kingstown Saint-Vincent-et-les-Grenadines
54%
N’Djamena Tchad
54%
Azerbaïdjan Bakou
53%
Belmopan Belize
53%
Soudan du Sud Djouba
53%
Tadjikistan Douchanbé
53%
Saint George's Grenade
53%
Népal Katmandou
53%
Soudan Khartoum
53%
Îles Marshall Majuro
53%
Timor Oriental Dili
50%
Asmara Érythrée
50%
Palikir États Fédérés de Micronésie
50%
Guyana Georgetown
50%
Îles Salomon Honiara
50%
Rwanda Kigali
50%
Skopje Macédoine du Nord
50%
Bahreïn Manama
50%
Tonga Nukuʻalofa
50%
Vanuatu Port-Vila
50%
Castries Sainte-Lucie
50%
Freetown Sierra Leone
50%
Dodoma Tanzanie
50%
Port-Vila Vanuatu
50%
Lusaka Zambie
50%
Burundi Gitega
47%
Maputo Mozambique
47%
Roseau Dominique
46%
Ouganda Kampala
45%
Cameroun Yaoundé
45%
Brunei Bandar Seri Begawan
44%
Majuro Îles Marshall
44%
Malawi Lilongwe
44%
Nicaragua Managua
44%
Somalie Mogadiscio
44%
Port-d'Espagne Trinité-et-Tobago
44%
Bhoutan Thimphou
43%
Ouagadougou Burkina Faso
42%
Sierra Leone Freetown
42%
Kampala Ouganda
42%
Sri Lanka Sri Jayawardenapura Kotte
42%
Nukuʻalofa Tonga
42%
Eswatini Mbabane
41%
Apia Samoa
41%
Fidji Suva
41%
Saint-Vincent-et-les-Grenadines Kingstown
40%
Khartoum Soudan
40%
Douchanbé Tadjikistan
40%
Ghana Accra
38%
Bridgetown Barbade
38%
Mbabane Eswatini
38%
Banjul Gambie
38%
Bahamas Nassau
38%
Tarawa Kiribati
37%
Antigua-et-Barbuda Saint John's
37%
Érythrée Asmara
36%
Naypyidaw Birmanie
36%
Gaborone Botswana
36%
Bandar Seri Begawan Brunei
36%
Tuvalu Funafuti
36%
Papouasie-Nouvelle-Guinée Port Moresby
36%
Basseterre Saint-Christophe-et-Niévès
36%
Namibie Windhoek
36%
Lesotho Maseru
35%
Gitega Burundi
33%
Maseru Lesotho
33%
Liberia Monrovia
33%
Palaos Ngerulmud
33%
Ngerulmud Palaos
33%
Saint-Christophe-et-Niévès Basseterre
31%
Guinée Équatoriale Ciudad de la Paz
31%
Angola Luanda
31%
Nigeria Abuja
30%
Bénin Porto-Novo
30%
Grenade Saint George's
30%
Zimbabwe Harare
29%
Kiribati Tarawa
29%
Saint John's Antigua-et-Barbuda
27%
Samoa Apia
25%
Botswana Gaborone
25%
Yaren Nauru
25%
Nauru Yaren
23%
Niamey Niger
20%
États Fédérés de Micronésie Palikir
20%
Aucun quiz correspondant
Distribution des résultats
% des personnes avec chaque résultat
Percentile par nombre de réponses
Votre historique - résultats
Vous n’avez pas pris ce quiz depuis la dernière actualisation